<?xml version="1.0" encoding="UTF-8"?><?xml-stylesheet type="text/xsl" href="static/style.xsl"?><OAI-PMH xmlns="http://www.openarchives.org/OAI/2.0/" xmlns:xsi="http://www.w3.org/2001/XMLSchema-instance" xsi:schemaLocation="http://www.openarchives.org/OAI/2.0/ http://www.openarchives.org/OAI/2.0/OAI-PMH.xsd"><responseDate>2026-04-17T19:29:15Z</responseDate><request verb="GetRecord" identifier="oai:www.recercat.cat:10230/26262" metadataPrefix="marc">https://recercat.cat/oai/request</request><GetRecord><record><header><identifier>oai:recercat.cat:10230/26262</identifier><datestamp>2026-02-18T05:17:43Z</datestamp><setSpec>com_2072_6</setSpec><setSpec>col_2072_452952</setSpec></header><metadata><record xmlns="http://www.loc.gov/MARC21/slim" xmlns:dcterms="http://purl.org/dc/terms/" xmlns:xsi="http://www.w3.org/2001/XMLSchema-instance" xmlns:doc="http://www.lyncode.com/xoai" xsi:schemaLocation="http://www.loc.gov/MARC21/slim http://www.loc.gov/standards/marcxml/schema/MARC21slim.xsd">
   <leader>00925njm 22002777a 4500</leader>
   <datafield ind2=" " ind1=" " tag="042">
      <subfield code="a">dc</subfield>
   </datafield>
   <datafield ind2=" " ind1=" " tag="720">
      <subfield code="a">Arrieta, Francisco</subfield>
      <subfield code="e">author</subfield>
   </datafield>
   <datafield ind2=" " ind1=" " tag="720">
      <subfield code="a">Pedro-Botet, Juan</subfield>
      <subfield code="e">author</subfield>
   </datafield>
   <datafield ind2=" " ind1=" " tag="720">
      <subfield code="a">Escobar-Jiménez, Fernando</subfield>
      <subfield code="e">author</subfield>
   </datafield>
   <datafield ind2=" " ind1=" " tag="720">
      <subfield code="a">Grupo de Trabajo Diabetes y Enfermedad Cardiovascular de la Sociedad Española  de Diabetes (SED)</subfield>
      <subfield code="e">author</subfield>
   </datafield>
   <datafield ind2=" " ind1=" " tag="260">
      <subfield code="c">2016-05-10T11:38:59Z</subfield>
   </datafield>
   <datafield ind2=" " ind1=" " tag="260">
      <subfield code="c">2016-05-10T11:38:59Z</subfield>
   </datafield>
   <datafield ind2=" " ind1=" " tag="260">
      <subfield code="c">2016</subfield>
   </datafield>
   <datafield ind2=" " ind1=" " tag="520">
      <subfield code="a">El presente documento actualiza las recomendaciones de práctica clínica del manejo de los factores de riesgo cardiovascular (FRCV) en la diabetes mellitus (DM). Es un consenso médico realizado por un panel de expertos independiente de la Sociedad Española de Diabetes (SED). Se han propuesto y actualizado varios consensos de diferentes sociedades científicas o médicas con el fin de mejorar los resultados terapéuticos. La valoración del RCV en la población general puede carecer de sensibilidad para la evaluación individual en determinados grupos de riesgo como los diabéticos. Se revisan los factores de riesgo tradicionales y no tradicionales, así como las estrategias de intervención para el control de los FRCV en los pacientes diabéticos como la dieta, el control ponderal, el ejercicio físico, los hábitos tóxicos, el control glucémico, tensional y lipídico, así como la antiagregación plaquetaria. Confiamos en que estas pautas ayuden a los médicos en la toma de decisiones en su actividad asistencial. Se expone una actualización de los conceptos más relevantes y de mayor interés clínico-práctico y, a su vez realista, para reducir el RCV de los diabéticos como se venía haciendo regularmente por parte del Grupo de Enfermedad Cardiovascular de la SED.</subfield>
   </datafield>
   <datafield tag="653" ind2=" " ind1=" ">
      <subfield code="a">Cardiovascular risk factors</subfield>
   </datafield>
   <datafield tag="653" ind2=" " ind1=" ">
      <subfield code="a">Clinical practice guidelines</subfield>
   </datafield>
   <datafield tag="653" ind2=" " ind1=" ">
      <subfield code="a">Diabetes mellitus</subfield>
   </datafield>
   <datafield tag="653" ind2=" " ind1=" ">
      <subfield code="a">Factores de riesgo cardiovascular</subfield>
   </datafield>
   <datafield tag="653" ind2=" " ind1=" ">
      <subfield code="a">Guía práctica clínica</subfield>
   </datafield>
   <datafield ind2="0" ind1="0" tag="245">
      <subfield code="a">Diabetes mellitus y riesgo cardiovascular: recomendaciones del Grupo de Trabajo Diabetes y Enfermedad Cardiovascular de la Sociedad Española  de Diabetes (SED, 2015)</subfield>
   </datafield>
</record></metadata></record></GetRecord></OAI-PMH>